Vzorkování a analýza kontaminovaných vod : Aktuální ekologické otázky E 97. Sborník referátů ze semináře. Praha, 5.6.1997
Gespeichert in:
| Format: | Buch |
|---|---|
| Sprache: | Tschechisch |
| Veröffentlicht: |
Praha :
BIJO TC a.s.,
1997
|
| Schlagworte: | |
| Tags: |
Keine Tags, Fügen Sie das erste Tag hinzu!
|
MARC
| LEADER | 00000nam a22000003a 4500 | ||
|---|---|---|---|
| 001 | stu75196 | ||
| 005 | 20150408175544.5 | ||
| 008 | 020321s1997----xr------------------cze-d | ||
| 040 | |a STU |b slo | ||
| 041 | 0 | |a cze | |
| 044 | |a xr | ||
| 080 | |a 504(082) | ||
| 245 | |a Vzorkování a analýza kontaminovaných vod : |b Aktuální ekologické otázky E 97. Sborník referátů ze semináře. Praha, 5.6.1997 | ||
| 260 | |a Praha : |b BIJO TC a.s., |c 1997 | ||
| 300 | |a 151 s |c príl | ||
| 650 | 7 | |a ekológia |2 stusub | |
| 650 | 7 | |a Vody kontaminované |2 stusub | |
| 996 | |b 284M034993 |c M*Z-1998 |l MMKN |s A |a 24 |w stu75196_0001 | ||